LEADER 01265nam a2200289 i 4500 001 000000113330 003 CaOOAMICUS 005 20091020000000.0 008 091020s2002 it u000 u ita u 013 $a86016 020 $a88-8477-017-3 040 $aSeMil$bita 100 1 $aPeruggia, Gianluigi,$c.$0(OLS)http://semarc/name/47427 245 12$aL'abbraccio del mantello :$bvita d'équipe e spiritualità nelle cure palliative /$cGianluigi Peruggia. 260 $aSaronno :$bMonti,$c2002. 300 $a231 p. ;$c21 cm. 490 0 $aNei panni degli altri ;$v15. 500 $aDedica autografa dell'autore al card. Tettamanzi. - Dono del Card. Dionigi Tettamanzi. 650 4$aMalati - Pastorale.$0(OLS)http://semarc/subject/5581 830 0$aNei panni degli altri ;$v15.$0(OLS)http://semarc/title/8240 850 $aSeMil 852 $aSeMil$W1$xVenegono$y1$m2F I 42$j69030$B69030$CSeMilBibl$Z2$F75179 $81 941 1 $a5 961 $aOmaggio: Tettamanzi Card. Dionigi 996 $6020$a88-8477-017-3$9(OLS)http://semarc/number/96235 996 $6245$aL'abbraccio del mantello :$bvita d'équipe e spiritualità nelle cure palliative$9(OLS)http://semarc/title/165439 996 $6260$aSaronno :$bMonti$9(OLS)http://semarc/publisher/31680 LEADER 00581naa a2200145 i 4500 001 000000303557 003 CaOOAMICUS 005 20180831172802.0 008 180831n xx u000 u und u 013 $a11337 040 $aSeMil$bita 100 1 $aVelati, Mauro.$0(OLS)http://semarc/name/64240 245 12$aI consilia et vota dei vescovi italiani. 773 0 $tA la veille du Concile Vatican 2..$dLeuven : Biblioteek van de Faculteit der Godgeleerdheid, 1992.$kInstrumenta theologica$z90-73683-06-8$w()38981 996 $6245$aI consilia et vota dei vescovi italiani$9(OLS)http://semarc/title/379519